Del alto norte el pájaro sangriento /

שמור ב:
מידע ביבליוגרפי
מחבר ראשי: Guillén, Nicolás (autor)
מחברים אחרים: Augier, Angel (selección y prólogo) (selección y prólogo)
פורמט: ספר
שפה:ספרדית
יצא לאור: La Habana, Cuba : Letras Cubanas, 2005, c2005
נושאים:
תגים: הוספת תג
אין תגיות, היה/י הראשונ/ה לתייג את הרשומה!

MARC

LEADER 00000nam^a2200000^a^4500
001 000392766
005 20250521000000.0
009 20260310121250.781
020 |a 959-10-1033-8 
037 |a Acervo ITESO - Biblioteca 
041 |a ESP 
082 |a 861.  |b GUI 
100 |a Guillén, Nicolás  |e (autor) 
245 1 0 |a Del alto norte el pájaro sangriento /  |c N. Guillén ; selec. y pról. de A. Augier. 
264 4 |a La Habana, Cuba :  |b Letras Cubanas,  |c 2005, c2005 
300 |a 138 p. 
336 |a texto  |b txt  |2 rdacontenido 
337 |a sin mediación  |b n  |2 rdamedio 
338 |a volumen  |b nc  |2 rdasoporte 
545 0 |a Nicolás Guillén (1902-1989), poeta cubano nacido en Camagüey y muerto en La Habana. Fue uno de los primeros en revalorar la poesía negra de su país, y hacerla presente en su propia obra, a través de un ritmo que remite a la danza y los cantos afrocubanos. Su obra, con fuerte contenido social, no renuncia sin embargo a la lírica. Algunos de sus títulos son: Motivos de son (1930); Sóngoro Cosongo (1931); Poemas de amor (1964); Tengo (1964); El gran zoo (1968); Poemas mulatos; Cantos para soldados y sones para turistas; El son entero; La paloma de vuelo popular. 
561 |a Obra autografiada por Nereida Rodríguez para Ma. Teresa, 2007 
649 |a XX 
650 |a Poesía Patriótica 
650 |a Poesía Cubana 
650 |a Literatura Cubana -  |y Siglo XX 
700 |a Augier, Angel  |e (selección y prólogo) 
910 |a Fondo Carlos Núñez Hurtado 
920 |a Impresos - Libros 
930 |a Fondos Especiales 
940 |a Literatura 
905 |a 117 
901 |a 0500287802  |b IT2  |c ESP  |i D80000  |u 20250521 
902 |a https://opac.biblio.iteso.mx/vufind/Record/000392766